| 000 | 01071cam a2200265 a 4500 | ||
|---|---|---|---|
| 001 | 000005900 | ||
| 005 | 20200929151830.0 | ||
| 008 | 770221s1968 sp 001 0 spa | ||
| 040 |
_aDO-SdBNP _cRPB _dDLC |
||
| 082 |
_a195 _bT874d |
||
| 100 | 1 |
_aTruyol, Antonio. _q(Antonio Truyol y Serra), _d1913-2003. _916635 |
|
| 245 | 1 | 0 |
_aDante y Campanella : _bdos visiones de una sociedad mundial / _cAntonio Truyol. |
| 260 |
_aMadrid, : _bTecnos, _c1968. |
||
| 300 |
_a172 p. ; _c20 cm. |
||
| 490 | 1 | _aSemblanzas | |
| 490 | 1 | _aLos hombres y sus ideas | |
| 504 | _aIncluye referencias bibliográficas. | ||
| 600 | 1 | 0 |
_aALIGHIERI, DANTE, _d1265-1321 _xPENSAMIENTO POLÍTICO Y SOCIAL. _916636 |
| 610 | 1 | 0 |
_aALIGHIERI, DANTE, _d1265-1321 _xCRÍTICA E INTERPRETACIÓN _916637 |
| 600 | 1 | 0 |
_aCAMPANELLA, TOMMASO, _d1568-1639 _xPENSAMIENTO POLÍTICO Y SOCIAL. _916638 |
| 600 | 1 | 0 |
_aCAMPANELLA, TOMMASO, _d1568-1639 _xCRÍTICA E INTERPRETACIÓN _916639 |
| 650 | 4 |
_aFilosofía italiana _916640 |
|
| 830 | 0 |
_aSemblanzas. _plos hombres y sus ideas _916641 |
|
| 910 | _aCatalogación por copia / LC | ||
| 999 |
_c5696 _d5696 |
||